00335nam a2200133Ia 4500008004100000020001300041041001200054082001600066100001900082245004500101260003100146300000800177650001600185221030s9999 xx 000 0 und d a8752233X aEnglish a105.23bPea aPearl Software 0aComputer Fundamentalscby Pearl Software bKhanna PubaNew Delhic339 a339 aBE Computer